书目信息 |
| 题名: |
中国环境年鉴 2004
|
|
| 作者: | ;《中国环境年鉴》编委会 编 | |
| 分册: | ||
| 出版信息: | 北京 中国环境年鉴社 2005 |
|
| 页数: | 796页 | |
| 开本: | 29cm | |
| 丛书名: | ||
| 单 册: | ||
| 中图分类: | X-54 | |
| 科图分类: | ||
| 主题词: | ||
| 电子资源: | ||
| ISBN: | ||
| 000 | 00572nam0 2200169 45 | |
| 001 | 0199007044 | |
| 005 | 20060906105933.92 | |
| 010 | @dCNY200.00 | |
| 100 | @a19990804d2005 km y0chiy0120 ea | |
| 101 | 0 | @achi |
| 200 | 1 | @Azhong guo huan jing nian jian 2004@F《zhong guo huan jing nian jian》bian wei hui bian@a中国环境年鉴 2004@f《中国环境年鉴》编委会 编 |
| 210 | @a北京@c中国环境年鉴社@d2005 | |
| 215 | @a796页@c无图表@d29cm | |
| 690 | @aX-54 | |
| 711 | 0 | @a《中国环境年鉴》编委会@A《zhong guo huan jing nian jian》bian wei hui@4编 |
| 801 | 0 | @c20060906 |
| 905 | @dX-54@e2004@f1 | |
| 中国环境年鉴 2004/《中国环境年鉴》编委会 编.-北京:中国环境年鉴社,2005 |
| 796页:无图表;29cm |
| ISBN :CNY200.00 |
| ● |
| 相关链接 |
|
|
|
正题名:中国环境年鉴 2004
索取号:X-54/2004
 
预约/预借
| 序号 | 登录号 | 条形码 | 馆藏地/架位号 | 状态 | 备注 |
| 1 | 443259 | 204432596 | 自科库501/501自科库 61排5列3层/ [索取号:X-54/2004] | 在馆 |